Computers : (Record no. 3833)

MARC details
000 -LEADER
fixed length control field 00668nam a22002172 4500
001 - CONTROL NUMBER
control field 0000018914
005 - DATE AND TIME OF LATEST TRANSACTION
control field 20151217145909.0
008 - FIXED-LENGTH DATA ELEMENTS--GENERAL INFORMATION
fixed length control field 100815s xx 000 0 eng d
020 ## - INTERNATIONAL STANDARD BOOK NUMBER
International Standard Book Number 0131227238 :
040 ## - CATALOGING SOURCE
Original cataloging agency KABU
Transcribing agency KABU
100 1# - MAIN ENTRY--PERSONAL NAME
Personal name Capron, H. L.
-- 0000178392
245 10 - TITLE STATEMENT
Title Computers :
Remainder of title tools for an information age /
Statement of responsibility, etc. H. L. Capron, J. A. Johnson.
250 ## - EDITION STATEMENT
Edition statement 8th ed.
260 ## - PUBLICATION, DISTRIBUTION, ETC. (IMPRINT)
Place of publication, distribution, etc. Upper Saddle River, NJ. :
Name of publisher, distributor, etc. Pearson,
Date of publication, distribution, etc. 2004.
300 ## - PHYSICAL DESCRIPTION
Extent various paging +
Accompanying material 2 CD-ROM.
650 #0 - SUBJECT ADDED ENTRY--TOPICAL TERM
Topical term or geographic name as entry element Computers.
-- 0000153924
700 1# - ADDED ENTRY--PERSONAL NAME
Personal name Johnson, J. A.
-- 0000178393
852 1# - LOCATION
-- p2490 KES
908 ## - PUT COMMAND PARAMETER (RLIN)
Put command parameter 100815
950 ## - LOCAL HOLDINGS (RLIN)
-- 1
Holdings
Withdrawn status Lost status Source of classification or shelving scheme Not for loan Home library Current library Date acquired Total Checkouts Full call number Barcode Date last seen Date last checked out Price effective from Koha item type
    Library of Congress Classification   Kabarak, Main Campus Kabarak, Main Campus 17/12/2015 2 QA76.5 .C37 2004 c. 1 24567 21/11/2019 05/11/2019 17/12/2015 General Collection
Designed with assistance from East African Informatics Ltd